The Aegean from Bronze Age to Iron Age : continuity and change between the twelfth and eighth centuries BC /
محفوظ في:
المؤلف الرئيسي:
التنسيق: كتاب
اللغة: English
منشور في:
London ; New York :
Routledge,
2006.
الموضوعات:
الوسوم: إضافة وسم
لا توجد وسوم, كن أول من يضع وسما على هذه التسجيلة!
رقم الطلب: DF261 .A177 D53 2006
| LEADER | 01161cam a2200265 a 4500 | ||
|---|---|---|---|
| 001 | ocm67945411 | ||
| 003 | OSt | ||
| 005 | 20240922114256.0 | ||
| 008 | 060428s2006 enkae b 001 0 eng | ||
| 999 | |c 55429 |d 55429 | ||
| 010 | |a 2006014271 | ||
| 020 | |a 9780415135900 |q (pbk.) | ||
| 020 | |a 0415135907 |q (pbk.) | ||
| 043 | |a e-gr--- |a a-tu--- | ||
| 050 | 4 | |a DF261 .A177 D53 2006 | |
| 100 | 1 | |a Dickinson, O. T. P. K. |q (Oliver Thomas Pilkington Kirwan) | |
| 245 | 1 | 4 | |a The Aegean from Bronze Age to Iron Age : |b continuity and change between the twelfth and eighth centuries BC / |c Oliver Dickinson. |
| 264 | 1 | |a London ; |a New York : |b Routledge, |c 2006. | |
| 300 | |a xvi, 298 pages : |b illustrations, plans ; |c 24 cm | ||
| 504 | |a Includes bibliographical references (pages 261-284) and index. | ||
| 505 | 0 | |a 1. Terminology and chronology 2. The collapse of the Bronze Age civilisation 3. The Postpalatial period 4. The structure and economy of communities 5. Crafts 6. Burial customs 7. Trade, exchange and foreign contacts 8. Religion 9. Conclusions. | |
| 546 | |a Text in English. | ||
| 651 | 0 | |a Aegean Sea Region |x Civilization. | |
| 901 | |a reviewed | ||
| 942 | |2 lcc |c BK | ||
